Současné modely efektivní facilitace výkonu členů skupiny
Pojem facilitace. Súčasné modely facilitace. Schwartzov model. Model GIF Walshe a Andersena. Cyklus diadnostiky a intervencia.
Guardado en:
| Autor principal: | |
|---|---|
| Formato: | Capítulo de libro |
| Lenguaje: | checo |
| Materias: | |
| Etiquetas: |
Sin Etiquetas, Sea el primero en etiquetar este registro!
|
MARC
| LEADER | 00000naa a2200000 4500 | ||
|---|---|---|---|
| 001 | 0209688 | ||
| 005 | 20240425121318.7 | ||
| 041 | 0 | |a cze | |
| 044 | |a CZ | ||
| 245 | 1 | 0 | |a Současné modely efektivní facilitace výkonu členů skupiny |c Jan Vaněk |
| 520 | |a Pojem facilitace. Súčasné modely facilitace. Schwartzov model. Model GIF Walshe a Andersena. Cyklus diadnostiky a intervencia. | ||
| 610 | 2 | 0 | |a tímy pracovné |
| 610 | 2 | 0 | |a riadenie ľudských zdrojov |
| 610 | 2 | 0 | |a výkony pracovné |
| 610 | 2 | 0 | |a kompetencie manažérske |
| 610 | 2 | 0 | |a facilitácia |
| 100 | 1 | |a Vaněk, Jan | |